00584nam a2200193 a 4500001001300000003000900013005001700022008004100039020001000080082001600090100003200106245003700138260003500175300000900210500003500219505006400254650004000318700003200358nice12345678IN_TiNIC20260116011647.0050524s0000 hyda grp 000 0 urd  ac10000a297.81bBAR aBarni, Silahuddin Mohd Barn aQadiyani Mazhab Ka Ilmi Mahasiba aHyderabadbBaitus-Salaamc0000 a558p aincludes index and biblioraphy2 a2.khuda ka faisla, 3.dawat qaum,4.maktub arabi banam ulema. aIslam-Sects-Conflicts-Sunni-Ahmadiy1 aBarni, Silahuddin Mohd Barn